000 00737nam a2200205Ii 4500
003 JO-AjNU
008 230605s9999||||xx |||||||||||||| ||und||
040 _aJO-AjNU
_bara
_erda
_cJO-AjNU
041 _aara
050 1 4 _aKMM99.5.U8264.1996
100 3 _a العطير ، عبد القادر ,
_eauthor
_946413
245 0 0 _aسر المهنة المصرفية في التشريع الأردني " دراسة مقارنة "
250 _a(د،ط)
264 3 1 _aعمان : مكتبة دار الثقافة ، 1996
300 _a195ص
336 _atext
_btxt
_2rdacontent
337 _aunmediated
_bn
_2rdamedia
338 _avolume
_bnc
_2rdacarrier
650 4 _aالبنوك -- قوانين وتشريعات -- الاردن
_946414
999 _aA20189
_c23757
_d23757